[Event "Moscow Tal Memorial 5th"]
[Site "Moscow"]
[Date "2010.11.11"]
[Round "6"]
[White "Mamedyarov, Shakhriyar"]
[Black "Eljanov, Pavel"]
[Result "1-0"]
[WhiteElo "2761"]
[BlackElo "2755"]
[Annotator "Krasenkow,M"]
[PlyCount "97"]
[EventDate "2010.11.05"]
[EventType "tourn"]
[EventRounds "9"]
[EventCountry "RUS"]
[EventCategory "21"]
[SourceTitle "CBM 139"]
[Source "ChessBase"]
[SourceDate "2010.11.18"]
[SourceVersion "1"]
[SourceVersionDate "2010.11.18"]
[SourceQuality "1"]

1. d4 d5 2. c4 c6 3. Nf3 Nf6 4. Qc2 dxc4 5. Qxc4 Bf5 6. g3 e6 7. Bg2 Nbd7 8.
O-O Be7 9. e3 O-O 10. Rd1 e5 {It is curious that this obvious move had not
been played before Mamedyarov - Aronian from the same tournament. However, a
move later that game, as well as this one, transposed into the 10...Qc7 line.}
(10... Qc7) (10... Rc8) (10... Ne4 {have been seen in dozens of games.}) 11.
Nc3 Qc7 12. h3 Bg6 $6 $146 {Hardly a good novelty. This bishop will now be out
of play.} (12... Rad8 13. Qe2 $5 (13. g4 Be6 14. Qe2 h6 15. e4 exd4 16. Nxd4
Bd6 17. Qc2 Rfe8 18. Nce2 Nb6 19. a4 a5 20. Be3 Bc4 21. b3 Ba6 22. Rac1 Nbd7
23. g5 hxg5 24. Bxg5 Ba3 25. Ra1 Bb4 $13 {1-0 Wang Hao (2724)-Bruzon Batista,L
(2679)/Khanty-Mansiysk RUS 2010/The Week in Chess 830 (32)}) 13... Bb4 (13...
Ne4 14. Nxe4 Bxe4 15. Nxe5 Bxg2 16. Nxd7 Rxd7 17. Kxg2 c5 18. d5 Qe5 19. e4 $16
{1/2 Hellsten,J (2592)-Valenzuela Fuentealba,L (2415)/Santiago de Chile 2006/
CBM 115 ext (54)}) 14. e4 Bxc3 15. exf5 Bxd4 16. Nxd4 exd4 17. Rxd4 Rfe8 18.
Be3 Nb6 19. Qc2 Nfd5 20. Bg5 f6 21. Bd2 $14 {1-0 Wen Yang (2520)-Yu Ruiyuan 
(2309)/Guangzhou CHN 2010/The Week in Chess 827 (42)}) (12... Rfe8 $5 13. dxe5
Nxe5 14. Nxe5 Qxe5 15. e4 Be6 16. Qe2 Bb4 17. f4 Qa5 18. Be3 Rad8 19. Qf2 Rxd1+
20. Rxd1 Bxc3 21. bxc3 Qa4 22. Rd4 Bc4 23. Qd2 c5 24. Rd8 Rxd8 25. Qxd8+ Qe8
26. Qd6 b6 27. e5 Qd7 $1 $11 {1/2 Mamedyarov,S (2763)-Aronian,L (2801)/Moscow
RUS 2010/The Week in Chess 835 (35)}) 13. dxe5 Nxe5 14. Nxe5 Qxe5 15. e4 Qe6
16. Qxe6 fxe6 {A typical structure, in which the potential weakness of Black's
isolated e6 pawn should not be underestimated.} 17. Be3 Rfd8 18. Rxd8+ Bxd8 {
[%mdl 4096]} 19. Rd1 $14 Ba5 (19... Bb6 20. Bxb6 axb6 21. f4 b5 22. a3 $14 {
- here White's two queenside pawns hold Black's three.}) (19... Bc7 {
preventing f2-f3} 20. f4 Ba5 21. e5 Nd5 22. Nxd5 cxd5 (22... exd5 23. g4) 23.
Rc1 $14) 20. f3 e5 21. Na4 $1 Bf7 (21... b6 22. a3 c5 23. Nc3 Bxc3 24. bxc3 $14
{[%csl Ge3,Gg2][%cal Yg2f1]}) 22. Nc5 b6 23. Na6 $1 {[%csl Ra5][%cal Rb2b4]} c5
{Black is forced to make this weakening move after all.} (23... Bc4 24. Bf1 $16
) (23... Bxa2 24. b4 Bc4 25. bxa5 Bxa6 26. axb6 axb6 27. Bxb6 $16 {[%csl Re5]})
24. Bf1 Rc8 (24... Bxa2 $2 25. Ra1 Bf7 26. Nxc5 {[%cal Rc5d3]} Bb4 27. Nd3 Bd6
28. Bxb6 $18) 25. h4 Be6 26. b3 $6 (26. a3 $142 Bb3 27. Rd6 $14 {continuously
caging the a5 bishop. If} c4 {then} 28. Bh3 $1 c3 $5 29. Bc1 $1 Ra8 (29... cxb2
30. Bxb2 Rc2 31. Bxe5 Rc1+ 32. Kf2 Rc2+ 33. Ke3 $18) 30. Nb4 $16) 26... Bc3 $2
{Too early!} (26... Kf7 $142 $11) 27. Rd6 $1 Bd7 28. Bg5 $1 {So, White has
prevented the rook cut-off and bishop exchange after ...Bc3-d4 and now forces
the exchange of rooks. It is amazing to see how useless Black's centralized
dark-squared bishop will be in the minor-piece ending!} Rc6 29. Bc4+ Kf8 30.
Rxc6 Bxc6 31. Nc7 h6 32. Bc1 Ke7 33. Kg2 Bd4 34. a4 a5 $6 {Unnecessarily
weakening the b6-pawn.} ({The knight exchange by} 34... Ne8 {was probably a
better chance to defend.}) 35. g4 Kd7 $6 (35... Ne8 36. Nd5+ (36. Nxe8 $5 Kxe8
37. g5) 36... Bxd5 37. Bxd5 Nc7 38. Bc4 Ne6 $6 39. Bxe6 Kxe6 40. h5 $18 {
[%cal Yg4g5]}) (35... Kd6 $142 {but after} 36. Ne6 Ne8 37. h5 (37. g5 $5 hxg5
38. Bxg5 Bd7 39. Nd8) 37... Bd7 38. Nxd4 exd4 39. Kg3 {White should win the
endgame anyway.}) 36. Ne6 Ne8 (36... h5 37. gxh5 Nxh5 38. Kh3 {[%cal Yh3g4,
Yg4f5]}) 37. h5 Kd6 38. g5 $1 hxg5 39. Nxg7 {A typical blow but} (39. Bxg5 $18
{[%cal Re6g7] was simpler - in this case a threat is better than its execution.
}) 39... Nxg7 40. h6 Nh5 $8 41. h7 Nf4+ 42. Kg3 Ng6 43. Kg4 {The invasion of
the white king decides.} Be8 (43... Nh8 44. Kf5 $18) 44. Bxg5 Nh8 45. Bf6 Ng6 (
45... Bg6 46. Bxh8 Bxh7 47. Kg5 {[%cal Rg5h6]} Be3+ 48. Kf6 Bh6 49. Bg7 $1 Bf4
50. Bf8+ Kd7 51. Kg7 $18) 46. Kf5 Be3 (46... Bc3 47. Bg5 {[%cal Yf5f6,Yc4f7]})
47. h8=Q Nxh8 48. Bxe5+ Ke7 49. Bf6+ $1 {The last finesse.} (49. Bxh8 $143 Bd7+
50. Kg6 Be8+ 51. Kh7 Bh5 {, however, still winning after} 52. e5 Bxf3 53. Bf6+
{etc.}) (49. Bf6+ Kf8 (49... Kd6 50. e5+ $18) 50. Bxh8 Bd7+ 51. Be6 $18) 1-0

[Event "Gibraltar Masters 10th"]
[Site "Caleta"]
[Date "2012.01.31"]
[Round "8"]
[White "Laznicka, Viktor"]
[Black "Howell, David"]
[Result "0-1"]
[WhiteElo "2704"]
[BlackElo "2603"]
[Annotator "Let's Check"]
[PlyCount "78"]
[EventDate "2012.01.24"]
[EventType "swiss"]
[EventRounds "10"]
[EventCountry "GGB"]
[SourceTitle "CBM 147"]
[Source "ChessBase"]
[SourceDate "2012.03.16"]
[SourceVersion "1"]
[SourceVersionDate "2012.03.16"]
[SourceQuality "1"]

1. d4 d5 2. c4 c6 3. Nf3 Nf6 4. Qc2 dxc4 5. Qxc4 Bf5 6. g3 e6 7. Bg2 Nbd7 8. e3
Be7 9. O-O O-O 10. Rd1 Ne4 11. Qe2 Qb6 12. Nc3 Rfd8 13. Ne1 Nxc3 14. bxc3 Bg6
15. e4 c5 16. Be3 Qa5 17. Nd3 Qxc3 18. dxc5 Rac8 19. Rab1 Nxc5 20. Rbc1 Na4 $1
(20... Qa5 $2) 21. Nf4 Qb4 22. Rxd8+ Rxd8 23. Nxg6 hxg6 24. e5 Bc5 25. Bg5 Rd7
26. Qc2 b5 27. h4 a6 28. Bf3 Rd4 29. Qb3 Qa5 30. Kg2 Qb6 31. Rh1 $2 (31. Be3
Rd8 32. Bxc5 $11) 31... Rb4 $19 32. Qd3 Rb2 33. Kh3 Rxf2 34. Be4 Qc7 35. h5
Qxe5 36. Qd8+ Bf8 37. Rd1 $2 (37. Rh2 Nc5 $1) 37... f6 $2 (37... Qxe4 38. Qxf8+
Kh7) 38. Bxg6 fxg5 39. Rd7 Rf3 0-1

[Event "EU-ch 12th"]
[Site "Aix les Bains"]
[Date "2011.03.22"]
[Round "1"]
[White "Akopian, Vladimir Eduardovic"]
[Black "Zarkua, Davit"]
[Result "1/2-1/2"]
[WhiteElo "2675"]
[BlackElo "2397"]
[Annotator "Marchand,A/Primel,D"]
[PlyCount "54"]
[EventDate "2011.03.22"]
[EventType "swiss"]
[EventRounds "11"]
[EventCountry "FRA"]
[SourceTitle "CBM 142 Extra"]
[Source "ChessBase"]
[SourceDate "2011.06.27"]
[SourceVersion "1"]
[SourceVersionDate "2011.06.27"]
[SourceQuality "1"]
[TimeControl "40/5400+30:1800+30"]

1. d4 d5 2. c4 dxc4 3. Nf3 Nf6 4. Qa4+ (4. e3 {La grande ligne}) (4. Nc3) 4...
c6 {Une ligne solide} (4... Nbd7 5. Nc3 e6 6. e4 c5 7. d5 $1 exd5 8. e5 b5 9.
Qxb5 Rb8 10. Qa4 d4 11. exf6 dxc3 12. Bxc4 Rb4 13. Qc2 (13. Qd1 $1 {Une
amélioration du hongrois Negyeszy publiée en 1959}) 13... Nxf6 {Miles,A (2595)
-Karpov,A (2730) Biel 1990 (8) 1/2}) 5. Qxc4 Bf5 (5... b5 {L'alternative} 6.
Qc2 (6. Qd3 {[%cal Ge2e4]}) 6... Bb7 7. e4 e6 8. Bg5 (8. Bd3)) (5... Bg4 6.
Nbd2 (6. Ne5 $6 Be6 7. Qd3 Nbd7 $11 8. Nxd7 Bxd7 9. Nc3 Qb6 10. Bd2 e5 {
Pytlakowski,A-Smyslov,V (2620) Helsinki ol (Men) prel-C 1952 (3) 0-1}) 6...
Nbd7 7. g3) 6. g3 e6 7. Bg2 Nbd7 8. Nc3 (8. O-O) 8... Be7 9. O-O O-O 10. e3 {
[%csl Rc1]} (10. Re1 {[%cal Ge2e4] Plus actif} Ne4 11. Qb3 Qb6 12. Nh4 $1 Bxh4
13. gxh4 Ndf6 14. f3 Nxc3 15. bxc3 Qc7 {[%cal Ge6e5]} 16. e4 Bg6 17. Be3 Nh5 {
[%csl Gf4]} 18. c4 b6 {Spirin,O (2468)-Rasmussen,A (2510) Gothenburg Manhem-A
2010 (2) 1/2} (18... f5 $5 19. e5 {[%csl Re6,Rg6][%cal Gf3f4]} f4 20. Bf2 Rad8
21. Bh3 Bf5)) (10. Qb3) (10. Bg5 h6 (10... Ne4) 11. Bxf6) 10... Re8 {[%cal
Ge6e5,Ge7f8] Un coup trés rare et un peu passif} (10... b5 11. Qe2 (11. Qxc6)
11... b4 (11... Ne4)) (10... Ne4 {La grande ligne mais c'est probablement une
simple interversion de coups} 11. Rd1 Qc7 12. Ne1 {[%cal Gc3e4]} Nxc3 13. bxc3
e5 14. Qe2 $14 {[%cal Ge3e4];Vitiugov,N (2733)-Negi,P (2642) WchT 8th Ningbo
2011 (9) 1/2}) 11. Qe2 {[%cal Ge3e4]} (11. Nh4 $5) (11. Rd1) 11... Ne4 (11...
Bb4 12. a3 Bxc3 13. bxc3 e5 $1 {Braga,F (2465)-Nguyen Anh Dung (2567) Calvia
ol (Men) 2004 (6) 0-1}) 12. Ne1 $146 {[%cal Gf2f3]} ({RR} 12. Nd2 Nxd2 13. Bxd2
e5 14. d5 cxd5 15. Nxd5 e4 16. Bc3 Nf6 17. Nxe7+ Qxe7 18. Qb5 Bg4 19. Rfc1 Rad8
20. Qg5 h6 21. Qf4 Be2 22. Bxf6 Qxf6 23. Qxf6 gxf6 24. Rc2 Bd3 25. Rc7 Ba6 26.
Bf1 Rc8 {Zpevak,P (2349)-Krejci,J (2043)/Czechia 2004/EXT 2007/1-0 (53)}) 12...
Nxc3 13. bxc3 e5 $1 14. e4 {[%csl Gd4,Ge4]} Be6 15. f4 $5 (15. Nc2 $5 {[%cal
Gc2e3,Gd4d5]}) (15. Nd3 Bf6) 15... exf4 16. Bxf4 (16. gxf4 {[%cal Gf4f5]} f5)
16... Qa5 $132 17. Qc2 (17. c4 Qa6 $1 {[%csl Re2]}) 17... Nb6 {[%csl Gc4,Gd5]}
18. Nd3 Nc4 {[%csl Gc4]} 19. Rf2 Na3 $36 20. Qc1 Rad8 21. Bd2 Nc4 22. Nf4 Nxd2
23. Nxe6 fxe6 24. Qxd2 Bg5 (24... c5 {[%cal Gd8d2]}) 25. Qd3 c5 $1 26. Raf1
cxd4 {La pression sur le P"d4" va forcer les Blancs а pousser d4d5 et la nulle
est quasiment inévitable.} 27. cxd4 Qb4 {[%csl Rd4]} 1/2-1/2

[Event "Morelia/Linares 24th"]
[Site "Morelia/Linares"]
[Date "2007.02.22"]
[Round "5"]
[White "Aronian, Levon"]
[Black "Anand, Viswanathan"]
[Result "1-0"]
[WhiteElo "2744"]
[BlackElo "2779"]
[Annotator "Marin,M"]
[PlyCount "95"]
[EventDate "2007.02.17"]
[EventType "tourn"]
[EventRounds "14"]
[EventCountry "ESP"]
[EventCategory "20"]
[SourceTitle "CBM 117"]
[Source "ChessBase"]
[SourceDate "2007.03.30"]
[SourceVersion "1"]
[SourceVersionDate "2007.03.30"]
[SourceQuality "1"]

1. d4 d5 2. c4 c6 3. Nf3 Nf6 4. Qc2 dxc4 5. Qxc4 Bf5 6. g3 Nbd7 7. Nc3 e6 8.
Bg2 Be7 9. O-O O-O {A relatively peacefull variation has been played. Each
side plays its own opening. Black developed like in a normal Slav, while White
adopted a Catalan setup.} 10. Re1 Ne4 11. Qb3 Qb6 12. Nh4 $5 {In spite of the
fact that this move has been played several times along the past decades, it
might have come as a surprise for Anand. You do not see such abrupt changes in
the character of the position at top level.} Bxh4 ({The attempt to maintain
the tension in the centre with} 12... Qxb3 13. axb3 Bb4 {allowed White retain
an advantage with the slightly surprising simplifying manoeuvre} 14. Nxf5 $5
exf5 15. Bxe4 $5 fxe4 16. Bd2 Rfe8 (16... Bxc3 17. bxc3 $14 {would just
improve White's structure.}) 17. Nxe4 $1 Rxe4 18. Bxb4 Rxd4 19. Bc3 {The
bishop is more active than the knight and White's mobile centre is likely to
become threatening soon.} Re4 20. f3 Re7 21. e4 f6 22. Red1 Kf7 23. Kf2 Ke8 24.
g4 Ne5 25. Kg3 Nf7 26. h4 $14 {Grabarczyk,M (2509)-Giesen,D (2209)/Germany
2004/EXT 2005 (1-0, 51)}) 13. gxh4 Nef6 14. e4 (14. Qxb6 $5 axb6 15. Bf4 {
leads to similar play as in the game, for instance} b5 16. Bd6 Rfd8 17. e4 Bg6
18. f3 Nf8 {Black refrains from preparing ...e5, but this will leave White
with more freedom of action.} 19. Bc5 Bh5 20. a4 bxa4 21. Nxa4 Ng6 22. Nb6 Rab8
23. Re3 Nxh4 24. Rb3 h6 25. Bh1 Kh7 26. Kf2 Rg8 27. Ra7 $16 {Landa,K (2584)
-Najer,E (2677)/Tomsk RUS 2006/The Week in Chess 618 (1-0, 48)}) 14... Bg6 ({
Generally speaking, it is recomendable not to release the tension with} 14...
Qxb3 15. axb3 Bg6 {because this would leave the c5-square not sufficiently
well defended.} 16. Bf4 Rfe8 17. Bd6 a6 18. d5 $6 ({Probably premature.} 18.
Na4 $5 Rad8 19. f3 h6 20. Rad1 {planning b4 and Nc5 would have been more
consequent.}) 18... cxd5 19. exd5 e5 $13 {Kludacz,M (2203)-Kononenko,T (2361)/
Warsaw 2001/CBM 082 ext (0-1, 46)}) 15. Qxb6 axb6 16. Bf4 Rfe8 17. Rad1 {
White's pair of bishops and his advantage of space compensate for the double
pawns.} b5 ({A novelty over} 17... e5 {which was played in the most recent
example with this line, Georgiev-Smeets, Wijk aan Zee 2007.} 18. dxe5 Nxe5 19.
f3 Bh5 20. Bxe5 (20. Kf2 $5 $14) 20... Rxe5 21. a4 Re7 22. Rd4 Kf8 23. Ne2 Bg6
24. Red1 Nh5 25. Ng3 c5 26. Rd8+ Rxd8 27. Rxd8+ Re8 28. Rxe8+ Kxe8 29. Kf2 Nxg3
30. hxg3 f6 31. Ke3 $14 {White certainly has reasons to play for a win,
because he is a pawn up on the kingside, while on the other wing Black cannot
create a passed pawn, Georgiev,V (2525)-Smeets,J (2538)/Wijk aan Zee 2007/The
Week in Chess 638 (1-0, 68)}) 18. Bd6 {Quite an irritating bishop. Black
cannot easily question its stability on this active square.} e5 19. d5 Nh5 20.
Bf1 f6 21. b3 Nf4 {Black hurries to take advantage of the bishop's departure
from the kingside, but the knight will not enjoy the desired stability on this
square.} 22. a4 bxa4 23. bxa4 Bf7 24. Rb1 Ra7 25. Red1 Rc8 $6 {Probably
underestimating White's next move.} ({Maybe he should have played} 25... cxd5
$5 {, forcing White to take a concrete decision in the centre.} 26. Nxd5 (26.
exd5 Rc8 {and the knight cannot go to e2 already, because the d5-pawn is
hanging.}) 26... Bxd5 27. exd5 Rc8 {and the active and stable f4-knight offers
Black good counterplay.}) 26. Ne2 $1 $16 Nxe2+ 27. Bxe2 cxd5 28. exd5 Nf8 29.
Bb5 Raa8 30. Be7 Ng6 31. d6 {White's activity looks threatening. The next
phase of the game will be played by Aronian in the best spyrit of romantic
chess.} Nxe7 32. Bd7 $3 {The pawn is more dangerous on the d-file, because it
cannot be stopped by the bishop too easily.} ({Black would have had all the
chances to defend his position after} 32. dxe7 Be8) 32... Nc6 ({Black has to
accept the sacrifice. If} 32... Rcb8 $2 {(the only square along the back rank
where the rook will not be attacked after White's next move) then} 33. dxe7 Be8
34. Be6+ Bf7 35. Rxb7 $3 $16) 33. Rxb7 Nd4 34. Bxc8 Rxc8 35. Rdb1 {Threatening
to exchange Black's remaining rook, when the passed pawns would be impossible
to stop.} Rf8 36. Rb8 Be8 37. a5 Nf3+ 38. Kf1 Nd2+ 39. Ke1 Nxb1 40. a6 Bc6 41.
a7 {An incredible position. Black is lost in spite of being two whole pieces up
} Kf7 42. d7 Ke7 43. Rxf8 Kxd7 44. a8=Q Bxa8 45. Rxa8 h5 46. Ra7+ Ke6 47. Rxg7
Kf5 $2 ({This move shortens Black's suffering. After} 47... Nc3 48. Rh7 {
the h-pawn would have decided the game.}) 48. Rg3 {The knight is trapped now.
There is no defence against Rb3.} 1-0

[Event "Morelia/Linares 24th"]
[Site "Morelia/Linares"]
[Date "2007.02.24"]
[Round "6"]
[White "Aronian, Levon"]
[Black "Topalov, Veselin"]
[Result "1/2-1/2"]
[WhiteElo "2744"]
[BlackElo "2783"]
[Annotator "Marin,M"]
[PlyCount "43"]
[EventDate "2007.02.17"]
[EventType "tourn"]
[EventRounds "14"]
[EventCountry "ESP"]
[EventCategory "20"]
[SourceTitle "CBM 117"]
[Source "ChessBase"]
[SourceDate "2007.03.30"]
[SourceVersion "1"]
[SourceVersionDate "2007.03.30"]
[SourceQuality "1"]

1. d4 d5 2. c4 c6 3. Nf3 Nf6 4. Qc2 dxc4 5. Qxc4 Bf5 6. g3 e6 7. Bg2 Nbd7 8.
O-O Be7 9. Nc3 O-O 10. Re1 {After his game against Anand, Aronian had no
special reasons to refrain from this variation.} Bg6 $5 {Instead of preventing
the advance of the e-pawn, Black takes preventive measures against it.} 11. h3
({The only game where Black retreated the bishop to g6 before 
(Wojtkiewicz-Kalbermatter, Bern 1991) continued with} 11. e4 {. Black reacted
passively, allowing White consolidate his advantage of space. However, after
the more resolute} b5 $5 {followed by ...b4, the white centre would have been
in some danger. Aronian's play in the next phase of the game suggests that he
did not find a viable plan to meet the opening surprize.}) 11... h6 12. Bf4 Nd5
13. Bd2 Nb4 14. Rac1 Nc2 15. Red1 Nb6 16. Qb3 Nxd4 17. Nxd4 Qxd4 18. Bxh6 Qc4
19. Be3 Qxb3 20. axb3 Nd5 21. Nxd5 cxd5 22. Rc7 1/2-1/2